[Event "Marienbad Open-B1 2019"]
[Site "Marianske Lazne"]
[Date "2019.01.24"]
[Round "7"]
[White "Nagy, Gabor"]
[Black "Voinikonis, Nikita"]
[Result "1-0"]
[WhiteElo "2479"]
[BlackElo "2163"]
[Annotator "TA"]
[PlyCount "69"]
[EventDate "2019.01.17"]
[EventType "tourn"]
[EventCountry "CZE"]
[SourceTitle "playchess.com"]
[Source "ChessBase"]
[SourceQuality "1"]

{[%evp 15,69,18,24,0,44,13,30,25,45,38,48,0,23,18,125,0,0,-156,-17,-17,-35,-31,-10,-7,-8,-16,-10,0,-3,-25,-34,-81,-80,-98,-65,-85,0,0,0,-87,-88,-89,-87,-87,-124,-73,89,95,95,94,969,969,29979,29975,29989,29990]} 1. c4 Nf6 2. Nc3 e5 3. g3 d5 4. cxd5 Nxd5 5. Bg2 Nb6 6. e3 Nc6 {A22: English Opening: 1...e5 2 Nc3 Nf6} 7. Nge2 Bd6 (7... h5 8. d4 h4 9. d5 Ne7 10. e4 hxg3 11. hxg3 Rxh1+ 12. Bxh1 Ng8 13. Be3 Nf6 14. Qc2 {0-1 (57) Ponkratov,P (2613)-Karjakin,S (2760) Riadh 2017}) 8. O-O O-O {LiveBook: 19 Games. The position is equal.} 9. b3 f5 $146 ({Predecessor:} 9... Bf5 10. f4 f6 11. d4 exd4 12. Nxd4 Nxd4 13. Qxd4 c6 14. e4 {½-½ (37) Swicarz,M (2372)-Nguyen,T (2473) Pardubice 2017}) 10. f4 e4 {[#]} 11. g4 $1 {[%mdl 512]} g6 $1 (11... fxg4 12. Nxe4) 12. gxf5 gxf5 13. Kh1 Nb4 $1 14. Ng3 Nd3 {[#]} (14... Rf7 $11 {remains equal.}) 15. Qc2 ({White should play} 15. Ngxe4 $1 $16 {[%mdl 512]} Be7 (15... fxe4 16. Bxe4) 16. Nf2) 15... Qe7 16. Nd1 $2 (16. Bb2 $11) 16... Nd5 (16... Rf6 $1 $17 {And now ...Rh6 would win.} 17. Rg1 Rg6) 17. Nb2 N5b4 $36 {[%mdl 2048] Black is pushing.} 18. Qd1 Be6 {Black wants to play ...Rf6.} 19. a3 Nxb2 20. Bxb2 Nd3 21. Bc3 Qh4 $1 (21... Bxa3 $6 22. Rxa3 $1 {[%mdl 512]} Qxa3 23. Qh5 $18) 22. Qe2 {Black must now prevent Rg1.} (22. Nxe4 $5 fxe4 23. Bxe4 $11) 22... Kf7 (22... Bxb3 23. Nxe4 $1 {[%mdl 512]} fxe4 24. Bxe4 $18) 23. Nxe4 fxe4 24. Bxe4 Nc5 {[%mdl 64] Double Attack} 25. Bf3 c6 (25... Bxb3 $6 26. Bb4 $11) (25... Nxb3 $17 26. Rab1 a5) 26. d4 $11 Nd7 $1 {[%cal Rd7f6]} ({Don't play} 26... Nxb3 $6 27. Rab1 $16) 27. e4 (27. Be1 $11 {keeps the balance.} Qh6 28. f5 $1 {[%mdl 512]}) 27... Bxf4 $17 ({Don't go for} 27... Bxb3 $2 28. Rab1 $18) 28. d5 {[#]} Bh3 $1 {[%cal Rh3f1]} 29. e5 {[%cal Be4e5,Be5e6][%mdl 32]} Bxf1 30. Rxf1 {Threatens to win with e6+.} Ke8 $2 (30... Rae8 $17 {keeps the pressure on.} 31. Be1 Qh3) 31. dxc6 $16 bxc6 {aiming for ...Rb8.} 32. e6 {[#]} Nb6 $2 {[%mdl 8192]} (32... Bxh2 $1 $16 33. Qxh2 (33. exd7+ Kxd7 34. Qxh2 Qxh2+ 35. Kxh2 Kc7 $16) 33... Qxh2+ 34. Kxh2 Nc5) 33. Bb4 $18 c5 34. Bxc5 Rf5 35. Qb5+ {[%mdl 64] Double Attack. Accuracy: White = 44%, Black = 43%.} 1-0

[Event "Marienbad Open-B1 2019"]
[Site "Marianske Lazne"]
[Date "2019.01.24"]
[Round "7"]
[White "Gorbatov, Alexej"]
[Black "Jasny, Stanislav"]
[Result "1/2-1/2"]
[WhiteElo "2389"]
[BlackElo "2365"]
[Annotator "TA"]
[PlyCount "150"]
[EventDate "2019.01.17"]
[EventType "tourn"]
[EventCountry "CZE"]
[SourceTitle "playchess.com"]
[Source "ChessBase"]
[SourceQuality "1"]

{[%evp 18,150,5,-2,11,-8,4,-9,-15,-17,-10,-16,-20,-51,-37,-35,-17,-33,0,0,0,0,0,0,0,0,0,-4,21,6,31,0,1,0,85,74,91,75,68,61,154,133,282,69,71,70,76,96,197,185,190,56,134,138,124,28,75,0,0,0,25,8,8,8,8,8,8,8,8,8,8,8,8,6,6,6,6,6,6,6,6,6,6,0,0,0,11,11,11,11,11,11,11,11,11,11,11,11,11,11,11,11,11,11,11,11,11,11,11,11,11,0,0,0,0,0,11,11,11,11,11,11,11,8,8,8,8,8,8,0,0,0,0,0,0]} 1. e4 c5 2. Nf3 Nc6 3. d4 cxd4 4. Nxd4 Nf6 5. Nc3 d6 6. g3 e6 7. Bg2 Bd7 8. Nde2 a6 9. O-O Be7 10. b3 {LiveBook: 8 Games. B80: Sicilian Scheveningen: 6 g3 and 6 Be3, including English Attack} (10. h3 b5 11. a3 Qc7 12. g4 Bc8 13. Ng3 O-O 14. f4 Nd7 15. g5 Re8 16. Kh1 Bf8 17. f5 Nce5 18. Nce2 Bb7 19. Nd4 {1-0 (34) Kasimdzhanov,R (2683)-Alekseev,E (2616) Riadh 2017}) 10... Rc8 11. Bb2 b5 12. a3 Qb6 13. h3 Ne5 14. Qd2 $146 (14. Nd4 {feels hotter.} O-O 15. Qd2 Ng6 16. Rad1 a5 17. Rfe1) ({Predecessor:} 14. Qd4 Qxd4 15. Nxd4 Bd8 16. Rfd1 Bb6 17. Rac1 {½-½ (53) Heidenfeld,M (2320)-Milov,L (2455) Schwaebisch Gmuend 1997}) 14... h5 15. Qd4 Qxd4 16. Nxd4 Nc6 17. Nde2 Bd8 18. Rfd1 $36 {[%mdl 2048] White is more active.} Ke7 19. Rd2 Bc7 20. f4 Bb6+ 21. Kf1 Rhd8 22. Rad1 Be8 23. Bf3 Ba7 24. b4 Bb8 25. a4 Nd7 (25... Na7 $11) 26. axb5 $16 axb5 27. Nxb5 Nb6 28. Na3 $1 (28. Bxh5 g6 $17) 28... Nxb4 (28... g6 $14) 29. Bxg7 {Black must now prevent Rb1.} f6 (29... Nc6 $16 30. f5 (30. Bxh5 f6 $16) 30... Bd7) 30. f5 $2 ({Only move:} 30. Rb1 $18 Nc4 31. Nxc4 Rxc4 32. e5 $1 {[%mdl 512]} fxe5 33. fxe5) 30... Nc6 $14 31. Nf4 Ne5 32. Bxh5 {Hoping for Rb1.} Nbc4 (32... Bc6 $16 {was necessary.}) 33. Nxc4 $18 ({Not} 33. fxe6 Nxd2+ 34. Rxd2 Bc6 $15) 33... Nxc4 {[#]} 34. Bxe8 ({Worse is} 34. fxe6 Nxd2+ 35. Rxd2 Bxh5 $11) (34. Re2 $1 $18) 34... Nxd2+ ({Black should play} 34... Rxe8 $14 35. Re2 (35. fxe6 Nxd2+ 36. Rxd2 Rg8 $15) (35. Nxe6 Ne3+ 36. Ke2 Nxd1 $11) 35... exf5) 35. Rxd2 $16 Rxe8 {[#]} 36. Nxe6 (36. Nh5 $1 $16) 36... Rc3 37. Kg2 (37. Rd3 $16 Rxd3 38. cxd3) 37... Kf7 {Strongly threatening ...Rxe6.} 38. Bh6 Rec8 39. Bf4 Rxc2 {The position is equal.} 40. Rxc2 Rxc2+ $11 {[%mdl 4096] Endgame KRB-KBN} 41. Kf3 Rc3+ 42. Ke2 Rc2+ 43. Kd3 Rh2 44. h4 Ba7 45. Bxd6 {White wants to play e5.} Bf2 46. g4 Rh3+ 47. Ke2 Bxh4 48. Bf4 Ra3 49. g5 Bxg5 50. Nxg5+ fxg5 51. Bxg5 {KR-KB} Ra2+ 52. Kf3 Ra3+ 53. Be3 Kf6 54. Kf4 Ra4 55. Bd2 Rc4 56. Ba5 Kf7 57. Bb6 Rb4 58. Bc5 Rc4 59. Bf2 Ra4 60. Be1 Ra1 61. Bd2 Ra2 62. Bc3 Ra3 63. Bd4 Ra4 64. Ke3 Ra3+ 65. Kd2 Rf3 66. Ke2 Rf4 67. Ke3 Rf1 68. Bc3 Ke7 69. Be5 Kf7 70. Bg3 Kf6 71. Bh4+ Ke5 72. Bf2 Kf6 73. Ke2 Rb1 74. Bd4+ Kg5 75. f6 Kg6 {Precision: White = 57%, Black = 60%.} 1/2-1/2

[Event "Marienbad Open-B1 2019"]
[Site "Marianske Lazne"]
[Date "2019.01.24"]
[Round "7"]
[White "Florstedt, Johannes"]
[Black "Sernecki, Franciszek"]
[Result "1/2-1/2"]
[WhiteElo "2320"]
[BlackElo "2278"]
[Annotator "NA"]
[PlyCount "78"]
[EventDate "2019.01.17"]
[EventType "tourn"]
[EventCountry "CZE"]
[SourceTitle "playchess.com"]
[Source "ChessBase"]
[SourceQuality "1"]
[TimeControl "40/5400+30:1800+30"]

1. e4 {[%emt 0:00:00]} c5 {[%emt 0:00:00]} 2. Nf3 {[%emt 0:00:00]} Nc6 {[%emt 0:00:00]} 3. d4 {[%emt 0:00:00]} cxd4 {[%emt 0:00:00]} 4. Nxd4 {[%emt 0:00:00]} g6 {[%emt 0:00:00]} 5. c4 {[%emt 0:00:00]} Nf6 {[%emt 0:00:00]} 6. Nc3 {[%emt 0:00:05]} Nxd4 {[%emt 0:00:00]} 7. Qxd4 {[%emt 0:00:29]} d6 {[%emt 0:00:00]} 8. Be3 {[%emt 0:00:17]} Bg7 {[%emt 0:00:03]} 9. f3 {[%emt 0:00:10]} O-O {[%emt 0:00:32]} 10. Qd2 {[%emt 0:00:03]} a5 {[%emt 0:01:47]} 11. Na4 {[%emt 0:00:21]} Nd7 {[%emt 0:04:54]} 12. O-O-O {[%emt 0:04:12]} Qc7 {[%emt 0:07:02]} 13. Kb1 {[%emt 0:00:42]} Nc5 {[%emt 0:03:13]} 14. Nxc5 {[%emt 0:03:33]} dxc5 {[%emt 0:00:45]} 15. Qd5 {[%emt 0:11:54]} Bd4 {[%emt 0:07:35]} 16. Bxd4 {[%emt 0:00:38]} Rd8 {[%emt 0:01:37]} 17. Qg5 {[%emt 0:03:07]} Rxd4 {[%emt 0:03:35]} 18. Rxd4 {[%emt 0:00:58]} cxd4 {[%emt 0:01:05]} 19. h4 {[%emt 0:13:00]} Be6 {[%emt 0:08:11]} 20. h5 {[%emt 0:01:44]} f6 {[%emt 0:01:50]} 21. Qd2 {[%emt 0:15:49]} g5 {[%emt 0:01:18]} 22. Bd3 {[%emt 0:04:00]} Rc8 {[%emt 0:04:26]} 23. Rc1 {[%emt 0:03:21]} b6 {[%emt 0:06:01]} 24. e5 {[%emt 0:04:53]} Qxe5 {[%emt 0:13:55]} 25. Re1 {[%emt 0:00:25]} Qd6 {[%emt 0:00:11]} 26. Qc2 {[%emt 0:10:31]} Bf7 {[%emt 0:04:37]} 27. Bxh7+ {[%emt 0:04:13]} Kh8 {[%emt 0:00:20]} 28. b3 {[%emt 0:01:15]} Rxc4 {[%emt 0:07:33]} 29. Qe4 {[%emt 0:04:39]} Rc7 {[%emt 0:13:33]} 30. Bg6 {[%emt 0:00:05]} e5 {[%emt 0:06:01]} 31. Qa8+ {[%emt 0:09:34]} Kg7 {[%emt 0:00:33]} 32. Bf5 {[%emt 0:00:07]} Bxh5 {[%emt 0:01:44]} 33. Rh1 {[%emt 0:00:13]} d3 {[%emt 0:00:49]} 34. Rxh5 {[%emt 0:03:36]} Rc1+ {[%emt 0:00:08]} 35. Kxc1 {[%emt 0:00:11]} Qc5+ {[%emt 0:00:12]} 36. Kb2 {[%emt 0:00:21]} Qc2+ {[%emt 0:00:37]} 37. Ka3 {[%emt 0:00:06]} Qc5+ {[%emt 0:00:15]} 38. Kb2 {[%emt 0:00:05]} Qc2+ {[%emt 0:00:54]} 39. Ka3 {[%emt 0:00:05]} Qc5+ {[%emt 0:00:02]} 1/2-1/2

[Event "Marienbad Open-B1 2019"]
[Site "Marianske Lazne"]
[Date "2019.01.24"]
[Round "7"]
[White "Baum, Jonasz"]
[Black "Mica, Marek"]
[Result "1/2-1/2"]
[WhiteElo "2302"]
[BlackElo "2212"]
[Annotator "TA"]
[PlyCount "192"]
[EventDate "2019.01.17"]
[EventType "tourn"]
[EventCountry "CZE"]
[SourceTitle "playchess.com"]
[Source "ChessBase"]
[SourceQuality "1"]

{[%evp 18,192,35,42,36,19,14,12,12,13,14,16,11,4,12,6,7,0,-2,-13,-21,-37,-36,-45,-45,-69,-37,-37,-37,-37,-37,-37,-38,-43,-43,-35,-39,-45,-36,-58,-54,-53,-37,-41,-38,-147,-148,-144,-152,-143,-141,-138,-133,-131,-125,-202,-195,-202,-202,-202,-214,-195,-82,-35,-25,-140,-135,-137,-134,-122,-10,-10,-8,-8,-8,-8,-8,-8,-8,-8,-8,-15,-8,-8,-8,-387,-398,-218,-160,-170,-170,-170,-170,-170,-14,-648,0,-170,-127,-847,-847,-657,-620,-522,-515,-1662,-5102,-5110,-4590,-1378,-625,-848,-847,-829,-829,-815,-822,-815,-804,-775,-709,-29976,-29977,-29977,-29978,-29977,-607,-596,0,0,0,0,0,-29975,0,-8,0,0,0,0,0,0,0,0,0,0,0,0,0,0,0,0,0,0,0,0,0,0,0,0,0,0,0,0,0,0,0,0,0,0,0,0,0,0,0,0,0]} 1. d4 Nf6 2. c4 e6 3. g3 Bb4+ 4. Bd2 c5 5. Bxb4 cxb4 6. Nf3 O-O 7. Bg2 d6 8. O-O Nc6 9. a3 bxa3 10. Nxa3 e5 {E11: Bogo-Indian} (10... Bd7 11. Nb5 Qe7 12. d5 exd5 13. cxd5 Nb4 14. Nfd4 Qe5 15. Ra5 b6 16. Rxa7 Rxa7 17. Nxa7 Nfxd5 18. Qd2 {1-0 (32) Beliavsky,A (2605)-Petursson,M (2513) Puhajarve 2016}) 11. d5 Nb4 12. Nc2 Qb6 13. Qd2 Nxc2 14. Qxc2 Bg4 15. e4 $146 (15. Ra3 {feels hotter.} Rfc8 16. Rfa1 a5 17. e4 Bd7 18. b3) ({Predecessor:} 15. Ne1 Rfc8 16. b3 Qc7 17. Qd2 Bf5 18. Nf3 {1-0 (36) Aghasaryan,R (2308)-Ahvenjarvi,J (2076) Batumi 2010}) 15... Bxf3 16. Bxf3 a5 17. b3 Nd7 {[%cal Bf6d7,Bd7c5,Bc5d3][%mdl 32]} 18. Ra3 Nc5 19. Rfa1 Qb4 20. R1a2 b6 21. Qd2 Qxd2 (21... Rab8 {is interesting.} 22. h4 Qxd2 23. Rxd2 b5 24. cxb5 Rxb5 25. Rda2 Rxb3 26. Rxb3 Nxb3 27. Bd1 Nc5) 22. Rxd2 g6 23. Rb2 Nd3 24. Rb1 Kg7 25. Ra2 Rac8 26. Rd2 Nb4 27. Bg2 Rc7 28. f4 f6 29. Kf2 Na6 30. Ke3 Re7 31. Rf1 (31. f5 $15) 31... exf4+ $17 32. gxf4 Nc5 33. Rb1 {[#]} Nxe4 $1 {[%mdl 512]} 34. Bxe4 {Strongly threatening Kd4.} Rfe8 35. Rd4 f5 36. b4 (36. Kf3 $17 {was called for.} Rxe4 37. Rxe4 Rxe4 38. Ra1) 36... Rxe4+ $19 37. Rxe4 Rxe4+ {[%mdl 4096] Endgame KR-KR} (37... fxe4 38. bxa5 bxa5 39. Rb7+ Kg8 40. Ra7 $11) 38. Kd3 a4 $1 ({And not} 38... Rxf4 39. bxa5 bxa5 40. Rb6 $11) 39. Ra1 Rxf4 (39... b5 $1 $19 40. cxb5 Rxb4) 40. Rxa4 $17 Kf6 {White must now prevent ...Ke5.} 41. Ra7 {[#]} (41. Ra8 $1 $11 {keeps the balance.}) 41... b5 $1 {[%cal Rb5c4][%mdl 512]} 42. cxb5 Rxb4 43. Rb7 Ke5 (43... f4 $1 $17 44. Rxh7 Rxb5) 44. Kc3 $11 Rb1 (44... Re4 {looks sharper.} 45. b6 Kxd5 46. Rxh7 Rc4+ 47. Kd3 Rb4) 45. Kc2 $1 {[%cal Rc2b1]} Ra1 {...Ra5 is the strong threat.} 46. Rxh7 Ra5 47. b6 Rb5 48. b7 Kxd5 49. Rg7 Ke5 50. Kd3 {[#]} g5 $1 {[%mdl 512]} 51. Rxg5 $2 {[%mdl 8192]} (51. h3 $11) 51... Rxb7 52. Rh5 d5 53. Rh8 Rb3+ 54. Ke2 Ke4 $1 55. Re8+ Kd4 $2 (55... Kf4 $19 {Threatens to win with ...Rh3.} 56. h4 Kg4) 56. Rf8 $2 {[%mdl 8192]} (56. Rh8 $11) 56... Ke4 $2 (56... Rb2+ $1 57. Kf3 Rxh2 58. Rxf5 Kc4) 57. Re8+ $19 Kf4 58. Rd8 $2 {[%mdl 8192]} (58. Rh8 $17) 58... Rb2+ $1 59. Ke1 Ke4 60. Re8+ Kf3 61. Re5 (61. h4 $142 d4 62. h5) 61... f4 62. Rxd5 Rb1+ $1 63. Kd2 Kg2 (63... Kf2 $142 64. h4 f3) 64. Rg5+ Kf2 $1 65. h4 Rh1 66. h5 f3 {[%cal Bf4f3,Bf3f2][%mdl 32]} 67. Kd3 Kf1 $1 68. Ke3 f2 69. Rf5 Rh3+ 70. Kd2 {[#]} Rh2 $1 71. Rg5 Rg2 (71... Rh1 $142 72. Rg8 Rxh5 73. Rf8 Rg5 74. Ke3 Rg2 75. Kd4 Rg5 76. Ke3 Rg3+ 77. Kd4 Kg1 78. Kc5 Rg6 79. Kb5 Rg7 80. Kc6 f1=Q 81. Rxf1+ Kxf1 82. Kb6 Kf2 83. Kc6 Ke3 84. Kd5 Rg5+ 85. Kc6 Kd4 86. Kd6 Rg6+ 87. Ke7 Kd5 88. Kf7 Re6 89. Kf8 Kd6 90. Kf7 Kd7 91. Kf8 Re7 92. Kg8 Ke8 93. Kh8 Kf7 94. Kh7 Re6 95. Kh8 Rh6#) 72. Rf5 {[#]} Kg1 $2 ({Black should play} 72... Rg8 $1 $19 73. Ke3 Rg3+ 74. Ke4 Rh3) 73. Ke3 $11 Rh2 $2 {[%mdl 8192]} (73... Rg8 $11 74. Rxf2 Re8+ 75. Kf4 Rf8+ 76. Kg5 Rxf2) 74. Rg5+ $1 Kf1 (74... Rg2 $2 75. Rf5 $19) 75. Kd2 $1 Rh3 $2 (75... Rh1 {mates} 76. Rg8 Rxh5 77. Rf8 Rh2 78. Ke3 Kg1 79. Rxf2 Rxf2 80. Kd4 Kg2 81. Ke4 Rd2 82. Ke3 Rd1 83. Ke4 Kf2 84. Kf5 Ke3 85. Ke5 Kf3 86. Kf6 Re1 87. Kg5 Re5+ 88. Kf6 Kf4 89. Kg6 Re6+ 90. Kg7 Kg5 91. Kf7 Re3 92. Kg7 Rf3 93. Kh8 Kh6 94. Kg8 Kg6 95. Kh8 Rf8#) 76. Rf5 {The position is equal.} Ra3 (76... Rb3 $5 77. h6 $8 Rb2+ 78. Kd3 Rb7 $11) 77. h6 Rh3 78. Rf6 $1 Kg1 79. Rg6+ $1 Kf1 80. Rf6 Rh2 81. Rg6 Rh5 82. Rf6 Rh1 83. Rg6 Rh3 84. Rf6 Rh2 85. Rg6 Rh1 86. Kd1 Rh5 87. Kd2 Rd5+ 88. Kc2 Rh5 (88... Ke2 $5 89. Re6+ $8 Kf3 90. Rf6+ Ke2 91. Re6+ Kf3 92. Rf6+ Kg2 93. Rg6+ Kh3 $11) 89. Kd2 Rh3 90. Rf6 Rh2 91. Rg6 Rh5 92. Rf6 Kg1 93. Rg6+ Kf1 94. Rf6 Rh4 95. Ke3 Rh3+ 96. Kd2 $1 Rh5 {Accuracy: White = 51%, Black = 67%.} 1/2-1/2

[Event "Marienbad Open-B1 2019"]
[Site "Marianske Lazne"]
[Date "2019.01.24"]
[Round "7"]
[White "Kornitzky, Tino"]
[Black "Patil, Mitali"]
[Result "0-1"]
[WhiteElo "2133"]
[BlackElo "2062"]
[Annotator "NA"]
[PlyCount "64"]
[EventDate "2019.01.17"]
[EventType "tourn"]
[EventCountry "CZE"]
[SourceTitle "playchess.com"]
[Source "ChessBase"]
[SourceQuality "1"]
[TimeControl "40/5400+30:1800+30"]

1. d4 {[%emt 0:00:00]} Nf6 {[%emt 0:00:00]} 2. c4 {[%emt 0:00:00]} g6 {[%emt 0:00:00]} 3. Nc3 {[%emt 0:00:00]} Bg7 {[%emt 0:00:00]} 4. e4 {[%emt 0:00:00]} d6 {[%emt 0:00:00]} 5. Nf3 {[%emt 0:00:00]} O-O {[%emt 0:00:00]} 6. Be2 {[%emt 0:00:01]} e5 {[%emt 0:01:11]} 7. d5 {[%emt 0:00:08]} a5 {[%emt 0:00:32]} 8. Bg5 {[%emt 0:00:10]} h6 {[%emt 0:00:16]} 9. Be3 {[%emt 0:01:32]} Ng4 {[%emt 0:01:38]} 10. Bd2 {[%emt 0:00:13]} f5 {[%emt 0:00:09]} 11. h3 {[%emt 0:00:14]} Nf6 {[%emt 0:00:10]} 12. exf5 {[%emt 0:00:18]} gxf5 {[%emt 0:00:06]} 13. Qc1 {[%emt 0:00:21]} f4 {[%emt 0:16:35]} 14. g3 {[%emt 0:02:39]} Nh5 {[%emt 0:27:11]} 15. g4 {[%emt 0:10:48]} Nf6 {[%emt 0:00:48]} 16. Qc2 {[%emt 0:06:05]} Na6 {[%emt 0:02:14]} 17. a3 {[%emt 0:05:28]} Nc5 {[%emt 0:01:27]} 18. g5 {[%emt 0:04:50]} hxg5 {[%emt 0:00:40]} 19. Nxg5 {[%emt 0:02:07]} Qe8 {[%emt 0:06:39]} 20. O-O-O {[%emt 0:18:33]} a4 {[%emt 0:07:07]} 21. Kb1 {[%emt 0:10:35]} Nb3 {[%emt 0:05:51]} 22. Ka2 {[%emt 0:07:10]} Nd4 {[%emt 0:01:55]} 23. Qb1 {[%emt 0:01:15]} Nxe2 {[%emt 0:04:41]} 24. Nxe2 {[%emt 0:00:26]} Qh5 {[%emt 0:00:08]} 25. Rhg1 {[%emt 0:06:07]} Qxe2 {[%emt 0:01:29]} 26. Ne6 {[%emt 0:02:53]} Bxe6 {[%emt 0:02:44]} 27. Qg6 {[%emt 0:00:46]} Bg4 {[%emt 0:02:43]} 28. hxg4 {[%emt 0:00:15]} Qxc4+ {[%emt 0:02:08]} 29. Ka1 {[%emt 0:00:01]} Qe4 {[%emt 0:02:14]} 30. Qg5 {[%emt 0:02:40]} Kf7 {[%emt 0:02:06]} 31. f3 {[%emt 0:02:03]} Qg6 {[%emt 0:04:18]} 32. Qh4 {[%emt 0:00:21]} Nxd5 {[%emt 0:00:42]} 0-1

[Event "Marienbad Open-B1 2019"]
[Site "Marianske Lazne"]
[Date "2019.01.25"]
[Round "8"]
[White "Florstedt, Johannes"]
[Black "Kornitzky, Tino"]
[Result "1-0"]
[WhiteElo "2320"]
[BlackElo "2133"]
[Annotator "NA"]
[PlyCount "47"]
[EventDate "2019.01.17"]
[EventType "tourn"]
[EventCountry "CZE"]
[SourceTitle "playchess.com"]
[Source "ChessBase"]
[SourceQuality "1"]
[TimeControl "40/5400+30:1800+30"]

1. e4 {[%emt 0:00:00]} e5 {[%emt 0:00:00]} 2. Nf3 {[%emt 0:00:00]} Nc6 {[%emt 0:00:00]} 3. d4 {[%emt 0:00:00]} exd4 {[%emt 0:00:00]} 4. Nxd4 {[%emt 0:00:00]} Bc5 {[%emt 0:00:00]} 5. Nb3 {[%emt 0:00:00]} Bb4+ {[%emt 0:00:33]} 6. Bd2 {[%emt 0:06:09]} a5 {[%emt 0:08:04]} 7. a4 {[%emt 0:08:43]} Nf6 {[%emt 0:06:19]} 8. Bd3 {[%emt 0:00:13]} d5 {[%emt 0:06:50]} 9. exd5 {[%emt 0:00:12]} Qxd5 {[%emt 0:05:26]} 10. O-O {[%emt 0:00:11]} Bxd2 {[%emt 0:06:18]} 11. Qxd2 {[%emt 0:01:20]} O-O {[%emt 0:02:22]} 12. Nc3 {[%emt 0:00:07]} Qh5 {[%emt 0:06:28]} 13. Qf4 {[%emt 0:02:45]} Ne5 {[%emt 0:11:03]} 14. Be2 {[%emt 0:03:01]} Qf5 {[%emt 0:01:24]} 15. Qxf5 {[%emt 0:13:25]} Bxf5 {[%emt 0:00:22]} 16. Nd4 {[%emt 0:00:06]} Bg6 {[%emt 0:01:32]} 17. f4 {[%emt 0:02:17]} Nc6 {[%emt 0:12:45]} 18. Nxc6 {[%emt 0:00:25]} bxc6 {[%emt 0:00:23]} 19. f5 {[%emt 0:02:36]} Bh5 {[%emt 0:00:07]} 20. Bc4 {[%emt 0:08:43]} Nd5 {[%emt 0:04:03]} 21. Bxd5 {[%emt 0:08:39]} cxd5 {[%emt 0:00:32]} 22. Nxd5 {[%emt 0:00:06]} Be2 {[%emt 0:04:38]} 23. Rfe1 {[%emt 0:00:13]} Bg4 {[%emt 0:01:17]} 24. h3 {[%emt 0:00:18]} 1-0

[Event "Marienbad Open-B1 2019"]
[Site "Marianske Lazne"]
[Date "2019.01.25"]
[Round "8"]
[White "Sernecki, Franciszek"]
[Black "Jasny, Stanislav"]
[Result "1/2-1/2"]
[WhiteElo "2278"]
[BlackElo "2365"]
[Annotator "NA"]
[PlyCount "33"]
[EventDate "2019.01.17"]
[EventType "tourn"]
[EventCountry "CZE"]
[SourceTitle "playchess.com"]
[Source "ChessBase"]
[SourceQuality "1"]
[TimeControl "40/5400+30:1800+30"]

1. d4 {[%emt 0:00:00]} Nf6 {[%emt 0:00:00]} 2. Nf3 {[%emt 0:00:00]} g6 {[%emt 0:00:23]} 3. c4 {[%emt 0:00:00]} Bg7 {[%emt 0:00:14]} 4. Nc3 {[%emt 0:00:00]} d6 {[%emt 0:00:13]} 5. e4 {[%emt 0:00:00]} O-O {[%emt 0:00:12]} 6. Be2 {[%emt 0:00:00]} e5 {[%emt 0:00:26]} 7. dxe5 {[%emt 0:00:04]} dxe5 {[%emt 0:00:12]} 8. O-O {[%emt 0:00:05]} Nc6 {[%emt 0:03:45]} 9. Bg5 {[%emt 0:00:11]} Qxd1 {[%emt 0:08:47]} 10. Rfxd1 {[%emt 0:04:26]} Bg4 {[%emt 0:01:37]} 11. h3 {[%emt 0:16:07]} Bxf3 {[%emt 0:01:16]} 12. Bxf3 {[%emt 0:01:04]} Nd4 {[%emt 0:00:23]} 13. Nd5 {[%emt 0:01:29]} Nxd5 {[%emt 0:04:57]} 14. cxd5 {[%emt 0:00:56]} c6 {[%emt 0:20:52]} 15. dxc6 {[%emt 0:07:36]} bxc6 {[%emt 0:00:10]} 16. Be3 {[%emt 0:03:04]} Rfb8 {[%emt 0:07:33]} 17. b3 {[%emt 0:10:57]} 1/2-1/2

[Event "Marienbad Open-B1 2019"]
[Site "Marianske Lazne"]
[Date "2019.01.25"]
[Round "8"]
[White "Mica, Marek"]
[Black "Nagy, Gabor"]
[Result "1/2-1/2"]
[WhiteElo "2212"]
[BlackElo "2479"]
[Annotator "TA"]
[PlyCount "44"]
[EventDate "2019.01.17"]
[EventType "tourn"]
[EventCountry "CZE"]
[SourceTitle "playchess.com"]
[Source "ChessBase"]
[SourceQuality "1"]

{[%evp 20,44,45,24,33,0,7,0,-11,-8,7,-30,0,0,0,0,0,0,0,0,0,0,14,10,32,24,30]} 1. d4 Nf6 2. c4 e6 3. Nf3 c5 4. d5 d6 5. Nc3 exd5 6. cxd5 g6 7. Nd2 Bg7 8. e4 O-O 9. Be2 Re8 10. O-O Nbd7 11. Qc2 Ne5 {A77: Modern Benoni: Classical: 9...Re8 10 Nd2: 10...a6 and 10...Nbd7} 12. h3 (12. b3 Bg4 13. Bxg4 Nfxg4 14. Bb2 a6 15. h3 Nf6 16. f4 Ned7 17. Nc4 Nb6 18. Rae1 Nxc4 19. bxc4 Nd7 20. e5 dxe5 {½-½ (30) Aronian,L (2786)-Caruana,F (2794) Moscow 2016}) 12... g5 $1 {[%cal Bg6g5,Bg5g4][%mdl 32]} 13. Nc4 Nxc4 {The position is equal.} 14. Bxc4 g4 15. h4 Nd7 $146 ({Predecessor:} 15... a6 16. a4 h6 17. g3 Nd7 18. Kg2 Ne5 19. Be2 {1-0 (39) Charkhalashvili,I (2329)-Aytekin,M (1899) Corum 2016}) 16. Bg5 f6 17. Bf4 $36 {[%mdl 2048] White is pushing.} Ne5 18. Bb5 Rf8 19. Bxe5 fxe5 20. g3 a6 21. Be2 Qe8 22. a4 Bd7 1/2-1/2